ESEC '89. : Konf. 2nd European software engineering conf., University of Warwick, Coventry, UK., 11.- 15. Sept. 1989 /
Enregistré dans:
| Autres auteurs: | |
|---|---|
| Format: | Livre |
| Langue: | anglais |
| Publié: |
Berlin :
Springer Verlag,
1989
|
| Collection: | Lecture Notes in Computer Science
387 |
| Tags: |
Pas de tags, Soyez le premier à ajouter un tag!
|
MARC
| LEADER | 00000nam a22000003a 4500 | ||
|---|---|---|---|
| 001 | stu1604 | ||
| 005 | 20200908114832.0 | ||
| 008 | 920515s1989----gw------------------eng-d | ||
| 040 | |a STU |b slo | ||
| 041 | 0 | |a eng | |
| 044 | |a gw | ||
| 080 | |a 681.32.06 | ||
| 080 | |a 519.683 | ||
| 080 | |a 061.3(08) | ||
| 100 | 1 | |a Ghezzi, C |4 com | |
| 245 | 1 | |a ESEC '89. : |b Konf. 2nd European software engineering conf., University of Warwick, Coventry, UK., 11.- 15. Sept. 1989 / |c Edit.: Ghezzi,C | |
| 260 | |a Berlin : |b Springer Verlag, |c 1989 | ||
| 300 | |a 469 s | ||
| 830 | 0 | |a Lecture Notes in Computer Science |v 387 | |
| 996 | |c I*Z4097 |l I |s A |a 24 |w stu1604_0001 | ||